<?xml version="1.0" encoding="UTF-8"?><?xml-stylesheet type="text/xsl" href="static/style.xsl"?><OAI-PMH xmlns="http://www.openarchives.org/OAI/2.0/" xmlns:xsi="http://www.w3.org/2001/XMLSchema-instance" xsi:schemaLocation="http://www.openarchives.org/OAI/2.0/ http://www.openarchives.org/OAI/2.0/OAI-PMH.xsd"><responseDate>2026-04-13T07:47:10Z</responseDate><request verb="GetRecord" identifier="oai:www.recercat.cat:2117/427303" metadataPrefix="marc">https://recercat.cat/oai/request</request><GetRecord><record><header><identifier>oai:recercat.cat:2117/427303</identifier><datestamp>2025-07-23T03:10:04Z</datestamp><setSpec>com_2072_1033</setSpec><setSpec>col_2072_452951</setSpec></header><metadata><record xmlns="http://www.loc.gov/MARC21/slim" xmlns:dcterms="http://purl.org/dc/terms/" xmlns:xsi="http://www.w3.org/2001/XMLSchema-instance" xmlns:doc="http://www.lyncode.com/xoai" xsi:schemaLocation="http://www.loc.gov/MARC21/slim http://www.loc.gov/standards/marcxml/schema/MARC21slim.xsd">
   <leader>00925njm 22002777a 4500</leader>
   <datafield ind2=" " ind1=" " tag="042">
      <subfield code="a">dc</subfield>
   </datafield>
   <datafield ind2=" " ind1=" " tag="720">
      <subfield code="a">Vela Tamayo, Jorge</subfield>
      <subfield code="e">author</subfield>
   </datafield>
   <datafield ind2=" " ind1=" " tag="260">
      <subfield code="c">2025-02-14</subfield>
   </datafield>
   <datafield ind2=" " ind1=" " tag="520">
      <subfield code="a">Existe un lugar donde se abandonan las necesidades inmediatas del ser humano en favor de lo simbólico. Tiene una relación cercana con la tierra, lo interior, con lo obscuro, y el deterioro, pero también, con lo lejano, lo volátil y lo incierto. Este lugar es el cementerio.&#xd;
Esta arquitectura nos lleva a una gran contradicción: ofrece protección a un ser que ya no la necesita. Opuesto a la idea de una casa, que separa a un individuo del ambiente externo y adecua un espacio para la vida interior, el cementerio guarda solamente la idea de la vida y representa la ausencia de la persona.&#xd;
Durante la investigación desarrollaremos las contradicciones que originan, motivan , y se suscitan en la construcción de un cementerio. Esta es una arquitectura que contrapone lo simbólico ante a lo utilitario. Precisamente de lo simbólico es de donde deriva su magia.  Esta ha sido una forma de expresión artística común desde los tiempos más remotos, es una manera para lidiar con lo absolutamente desconocido, sobre todo, ante lo terrible de la muerte.</subfield>
   </datafield>
   <datafield ind2=" " ind1=" " tag="520">
      <subfield code="a">Existe un lugar donde se abandonan las necesidades inmediatas del ser humano en favor de lo simbólico. Tiene una relación cercana con la tierra, lo interior, con lo obscuro, y el deterioro, pero también, con lo lejano, lo volátil y lo incierto. Este lugar es el cementerio.&#xd;
Esta arquitectura nos lleva a una gran contradicción: ofrece protección a un ser que ya no la necesita. Opuesto a la idea de una casa, que separa a un individuo del ambiente externo y adecua un espacio para la vida interior, el cementerio guarda solamente la idea de la vida y representa la ausencia de la persona.&#xd;
Durante la investigación desarrollaremos las contradicciones que originan, motivan , y se suscitan en la construcción de un cementerio. Esta es una arquitectura que contrapone lo simbólico ante a lo utilitario. Precisamente de lo simbólico es de donde deriva su magia.  Esta ha sido una forma de expresión artística común desde los tiempos más remotos, es una manera para lidiar con lo absolutamente desconocido, sobre todo, ante lo terrible de la muerte.</subfield>
   </datafield>
   <datafield ind2=" " ind1=" " tag="520">
      <subfield code="a">There is a place where the immediate needs of the human being are abandoned in favor of the symbolic. It relates with the earth, the interior, the dark, and the decay, but also with the distant, the volatile, and the uncanny. This place is the cemetery.&#xd;
&#xd;
This architecture proposes a great contradiction: it protects a being who no longer needs protection. Unlike a house, which separates an individual from the external environment and creates a space for inner life, the cemetery keeps only the idea of life, and represents the absence of the person.&#xd;
&#xd;
Throughout this investigation, we will explore the contradictions that originate, motivate, and emerge in the architecture of a cemetery. This is an architecture that opposes the symbolic to the utilitarian. It is precisely the symbolic that which propels its magic. It has been a common form of artistic expression since ancient times, serving as a way to deal with the utterly unknown, especially when confronted with the terribleness of death.</subfield>
   </datafield>
   <datafield tag="653" ind2=" " ind1=" ">
      <subfield code="a">Àrees temàtiques de la UPC::Arquitectura::Tipologies d'edificis</subfield>
   </datafield>
   <datafield tag="653" ind2=" " ind1=" ">
      <subfield code="a">Àrees temàtiques de la UPC::Urbanisme::Arquitectura del paisatge</subfield>
   </datafield>
   <datafield tag="653" ind2=" " ind1=" ">
      <subfield code="a">Cemeteries</subfield>
   </datafield>
   <datafield tag="653" ind2=" " ind1=" ">
      <subfield code="a">Tombs</subfield>
   </datafield>
   <datafield tag="653" ind2=" " ind1=" ">
      <subfield code="a">Funeral rites and ceremonies</subfield>
   </datafield>
   <datafield tag="653" ind2=" " ind1=" ">
      <subfield code="a">Cementerio</subfield>
   </datafield>
   <datafield tag="653" ind2=" " ind1=" ">
      <subfield code="a">Agamenón</subfield>
   </datafield>
   <datafield tag="653" ind2=" " ind1=" ">
      <subfield code="a">Pirámide de Djosser</subfield>
   </datafield>
   <datafield tag="653" ind2=" " ind1=" ">
      <subfield code="a">Tombs</subfield>
   </datafield>
   <datafield tag="653" ind2=" " ind1=" ">
      <subfield code="a">Funerary architecture</subfield>
   </datafield>
   <datafield tag="653" ind2=" " ind1=" ">
      <subfield code="a">Igualada</subfield>
   </datafield>
   <datafield tag="653" ind2=" " ind1=" ">
      <subfield code="a">Cementiris</subfield>
   </datafield>
   <datafield tag="653" ind2=" " ind1=" ">
      <subfield code="a">Tombes</subfield>
   </datafield>
   <datafield tag="653" ind2=" " ind1=" ">
      <subfield code="a">Arquitectura funerària</subfield>
   </datafield>
   <datafield tag="653" ind2=" " ind1=" ">
      <subfield code="a">Ritus i cerimònies fúnebres</subfield>
   </datafield>
   <datafield ind2="0" ind1="0" tag="245">
      <subfield code="a">Las vidas de un cementerio, del individuo a sus alrededores</subfield>
   </datafield>
</record></metadata></record></GetRecord></OAI-PMH>